Online
Catalog
Normal view MARC view

Entry Nombre personal

Number of records used in: 2

001 - NÚMERO DE CONTROL

  • campo de control: 79772

003 - IDENTIFICADOR DEL NÚMERO DE CONTROL

  • campo de control: DO-SdBNP

005 - FECHA Y HORA DE LA ÚLTIMA TRANSACCIÓN

  • campo de control: 20230519134543.0

008 - DATOS DE LONGITUD FIJA

  • campo de control de longitud fija: 210906|| aca||aabn | a|a d

040 ## - FUENTE DE LA CATALOGACIÓN

  • Centro catalogador/agencia de origen: DO-SdBNP
  • Centro/agencia transcriptor: DO-SdBNP

100 1# - ENCABEZAMIENTO-NOMBRE DE PERSONA

  • Nombre de persona: Gómez Gatón, Luis Manuel,
  • Fechas asociadas al nombre: 1956-

370 ## - LUGAR ASOCIADO

  • Lugar de nacimiento: Santo Domingo

372 ## - CAMPO DE ACTIVIDAD

  • Campo de actividad: Ingeniero zootecnista

375 ## - GÉNERO/SEXO

  • Género/Sexo: Masculino

377 ## - LENGUA/LENGUAJE ASOCIADO

  • Código del idioma: spa

400 1# - TRAZADO DE VÉASE--NOMBRE DE PERSONA

  • Nombre de persona: Gatón, Luis Manuel Gómez

400 1# - TRAZADO DE VÉASE--NOMBRE DE PERSONA

  • Nombre de persona: Gómez Gatón, Luiz M.

670 ## - FUENTE DE DATOS ENCONTRADOS

  • Cita de la fuente: Work cat.: (DO-SdBNP): Gómez Gatón, Luis Manuel, 1956-, Brotaluz /, 2018.

Powered by Koha